|
|
|
|
| LEADER |
00983nam a2200241 a 4500 |
| 001 |
12244090 |
| 008 |
090525s2001 nyu b 001 0 eng d |
| 010 |
|
|
|a 00067923
|
| 020 |
|
|
|a 0387952292 (alk. paper)
|
| 040 |
|
|
|a DLC
|c DLC
|d DLC
|
| 082 |
0 |
0 |
|a 570/.1/5195
|2 21
|
| 100 |
1 |
|
|a Ewens, W. J.
|q (Warren John),
|d 1937-
|
| 245 |
1 |
0 |
|a Statistical methods in bioinformatics :
|b an introduction /
|c Warren J. Ewens, Gregory R. Grant.
|
| 260 |
|
|
|a New York :
|b Springer,
|c c2001.
|
| 300 |
|
|
|a xix, 476 p. ;
|c 24 cm.
|
| 490 |
1 |
|
|a Statistics for biology and health
|
| 504 |
|
|
|a Includes bibliographical references (p. [449]-461) and index.
|
| 541 |
1 |
|
|e 00009722
|
| 650 |
|
0 |
|a Bioinformatics
|x Statistical methods.
|
| 700 |
1 |
|
|a Grant, Gregory,
|d 1965-
|
| 852 |
4 |
|
|a Ayesha Abed Library
|j General Shelf.
|
| 999 |
|
|
|c 997
|d 997
|
| 952 |
|
|
|0 0
|1 0
|2 ddc
|4 0
|6 570_151950000000000_EWE
|7 0
|9 904
|a BRACUL
|b BRACUL
|c GEN
|d 2009-06-22
|e Not found
|l 4
|m 41
|o 570.15195 EWE
|p 3010009722
|r 2024-11-13
|s 2024-11-07
|t 1
|w 2009-06-22
|y BK
|